[Event "31è Open International d'Avoine 2016"]
[Site "Avoine"]
[Date "2016.07.23"]
[Round "3.34"]
[White "Aubert, Laurane"]
[Black "Meunier-Pion, Jean"]
[Result "0-1"]
[WhiteElo "1958"]
[BlackElo "2211"]
[PlyCount "98"]
[EventDate "2016.??.??"]

1. e4 c5 2. Nc3 a6 3. g3 b5 4. Bg2 Bb7 5. a4 b4 6. Nd5 a5 7. d3 g6 8. Nf3 Bg7
9. O-O e6 10. Ne3 d5 11. exd5 exd5 12. Re1 Ne7 13. Ng4 O-O 14. Bh6 Nf5 15. Bxg7
Kxg7 16. c3 Nd7 17. cxb4 cxb4 18. d4 Qb6 19. b3 h5 20. Ne3 Nd6 21. Ne5 Nf6 22.
Qd3 Rfd8 23. Nd1 Rac8 24. Ra2 Ba6 25. Qe3 Nf5 26. Qg5 Nh7 27. Qf4 Qxd4 28. Qxd4
Nxd4 29. Rd2 Nc2 30. Re3 Nxe3 31. Nxe3 f6 32. Nf3 Rc1+ 33. Bf1 Kf7 34. Kg2
Bxf1+ 35. Nxf1 Ng5 36. Nd4 Ne6 37. Ne2 Rb1 38. Ne3 d4 39. Nc4 d3 40. Ng1 Nc5
41. Nxa5 Nxb3 42. Nxb3 Rxb3 43. Nf3 Ra3 44. Ne1 Rxa4 45. Rxd3 Rxd3 46. Nxd3 b3
47. Kf3 Rd4 48. Nb2 Rd2 49. Nc4 Rc2 0-1

[Event "31è Open International d'Avoine 2016"]
[Site "Avoine"]
[Date "2016.07.23"]
[Round "3.35"]
[White "Kozlowski, Thierry"]
[Black "Mevel, Alberic"]
[Result "1-0"]
[WhiteElo "1943"]
[BlackElo "2206"]
[PlyCount "77"]
[EventDate "2016.??.??"]

1. d4 Nf6 2. c4 g6 3. Nc3 Bg7 4. e4 d6 5. Be2 O-O 6. Nf3 e5 7. O-O Nc6 8. d5
Ne7 9. b4 Nh5 10. Re1 f5 11. Nd2 Nf4 12. Bf1 g5 13. g3 Nfg6 14. exf5 Bxf5 15.
Nde4 h6 16. a4 Qd7 17. Bg2 Bh3 18. Bh1 Rf7 19. Ra2 Raf8 20. f3 g4 21. Rf2 gxf3
22. Bxf3 Nf5 23. Bg4 Bxg4 24. Qxg4 Nh8 25. Ref1 Qc8 26. c5 dxc5 27. bxc5 Nd4
28. Qxc8 Rxc8 29. Ba3 Rxf2 30. Rxf2 Nf7 31. d6 Bf8 32. Nf6+ Kg7 33. d7 Rd8 34.
Ncd5 Ng5 35. Kg2 c6 36. Ne8+ Kg8 37. Ndf6+ Kh8 38. Ng4 Ngf3 39. Nxe5 1-0

[Event "31è Open International d'Avoine 2016"]
[Site "Avoine"]
[Date "2016.07.23"]
[Round "3.36"]
[White "Merenciano, Alexandre"]
[Black "Dupont, Arthur"]
[Result "1/2-1/2"]
[WhiteElo "2189"]
[BlackElo "1937"]
[PlyCount "68"]
[EventDate "2016.??.??"]

1. e4 c5 2. Nf3 d6 3. Bb5+ Bd7 4. Bxd7+ Nxd7 5. O-O Ngf6 6. Re1 g6 7. c3 Bg7 8.
d4 cxd4 9. cxd4 O-O 10. Nc3 Rc8 11. Qa4 a6 12. e5 dxe5 13. dxe5 Nb6 14. Qb3
Nfd7 15. Be3 Nc4 16. Bd4 b5 17. a4 Nc5 18. Bxc5 Rxc5 19. axb5 axb5 20. Red1 Qb8
21. Ne4 Rcc8 22. Rd5 Nxe5 23. Nxe5 Bxe5 24. Rxb5 Qa8 25. Re1 Qxe4 26. Kf1 Qh4
27. Rbxe5 Qxh2 28. Qf3 Rc2 29. g3 e6 30. b4 Rd8 31. Rc5 Rxc5 32. bxc5 Qh3+ 33.
Kg1 Qf5 34. Qc3 Qd3 1/2-1/2

[Event "31è Open International d'Avoine 2016"]
[Site "Avoine"]
[Date "2016.07.23"]
[Round "3.37"]
[White "Ginovart, Axel"]
[Black "Saiah, Karim"]
[Result "1-0"]
[WhiteElo "2179"]
[BlackElo "1937"]
[PlyCount "55"]
[EventDate "2016.??.??"]

1. e4 g6 2. Nc3 Bg7 3. Bc4 Nc6 4. d3 d6 5. f4 Nf6 6. Nf3 e5 7. O-O O-O 8. fxe5
Nxe5 9. Nxe5 dxe5 10. Bg5 Qd4+ 11. Kh1 Ng4 12. Qf3 c6 13. Be7 Bd7 14. Bxf8 Rxf8
15. Rae1 Nh6 16. h3 Qd6 17. Qe3 b6 18. g4 Nxg4 19. hxg4 Bxg4 20. Rf2 Qe7 21.
Qg3 Be6 22. Bxe6 Qxe6 23. Rh2 f5 24. Qh3 h6 25. Rg1 Qe8 26. exf5 Rxf5 27. Ne4
c5 28. Qxf5 1-0

[Event "31è Open International d'Avoine 2016"]
[Site "Avoine"]
[Date "2016.07.23"]
[Round "3.38"]
[White "Podvin, Francois-Xavier"]
[Black "Algaba, Pedro"]
[Result "1/2-1/2"]
[WhiteElo "2165"]
[BlackElo "1923"]
[PlyCount "100"]
[EventDate "2016.??.??"]

1. e4 c5 2. Nf3 d6 3. d4 cxd4 4. Nxd4 g6 5. Nc3 Bg7 6. Be3 Nc6 7. Qd2 Bd7 8.
Bc4 Rc8 9. Bb3 Na5 10. h4 h5 11. f3 Nc4 12. Bxc4 Rxc4 13. b3 Rc8 14. Nde2 Qc7
15. Bd4 Nf6 16. Rc1 b5 17. Bxf6 Bxf6 18. Nd5 Qc6 19. Nxf6+ exf6 20. Qd4 Ke7 21.
Nf4 Be6 22. Qxa7+ Rc7 23. Qe3 Qc3+ 24. Qxc3 Rxc3 25. Ne2 Rc5 26. c3 Ra8 27. Rc2
d5 28. exd5 Bxd5 29. Kf2 Be6 30. Re1 Rac8 31. Nd4 Rxc3 32. Rxc3 Rxc3 33. Nxb5
Rd3 34. Ke2 Rd7 35. Rc1 g5 36. hxg5 fxg5 37. Rc7 h4 38. Rxd7+ Bxd7 39. Nd4 Kd6
40. Kd3 Kd5 41. Ne2 h3 42. gxh3 Bxh3 43. Nc3+ Kc6 44. b4 f5 45. a4 Bf1+ 46. Kd4
g4 47. fxg4 fxg4 48. b5+ Kb7 49. Ke3 g3 50. Ne2 Kb6 1/2-1/2

[Event "31è Open International d'Avoine 2016"]
[Site "Avoine"]
[Date "2016.07.23"]
[Round "3.39"]
[White "Maugenest, Ghislain"]
[Black "Malassagne, Raphael"]
[Result "0-1"]
[WhiteElo "1943"]
[BlackElo "2163"]
[PlyCount "90"]
[EventDate "2016.??.??"]

1. d4 Nf6 2. c4 c5 3. d5 b5 4. cxb5 a6 5. f3 g6 6. e4 Bg7 7. Na3 axb5 8. Nxb5
d6 9. Ne2 O-O 10. Nec3 Ra6 11. Bc4 Nbd7 12. O-O Ne5 13. Qe2 Nxc4 14. Qxc4 Nd7
15. Bf4 Nb6 16. Qe2 Na4 17. Qc2 Bd7 18. Qb3 c4 19. Qxc4 Qb6+ 20. Kh1 Rb8 21. b3
Nb2 22. Qe2 Bxb5 23. Qxb2 Bxf1 24. Rxf1 Rc8 25. Rc1 Qa5 26. Bd2 Bxc3 27. Rxc3
Rxc3 28. Qxc3 Qxc3 29. Bxc3 Rxa2 30. Kg1 Ra3 31. Kf2 Rxb3 32. Bd4 e6 33. dxe6
fxe6 34. Kg3 Kf7 35. h3 Ra3 36. Kg4 h6 37. Bg1 Ra2 38. Kg3 d5 39. exd5 exd5 40.
Be3 h5 41. Bg1 Ke6 42. Bd4 Kf5 43. h4 Ra4 44. Bb2 d4 45. Bc1 Ra2 0-1

[Event "31è Open International d'Avoine 2016"]
[Site "Avoine"]
[Date "2016.07.23"]
[Round "3.40"]
[White "Viers, Matthieu"]
[Black "Kassis, Antoine"]
[Result "0-1"]
[WhiteElo "1915"]
[BlackElo "2148"]
[PlyCount "52"]
[EventDate "2016.??.??"]

1. e4 e5 2. Nf3 Nc6 3. Bc4 Nf6 4. d3 h6 5. c3 d6 6. O-O g6 7. d4 Qe7 8. Re1 Bg7
9. Nbd2 O-O 10. h3 Bd7 11. Nf1 Rae8 12. Ng3 Qd8 13. b4 a6 14. a4 exd4 15. cxd4
Nxb4 16. Ba3 a5 17. Bxb4 axb4 18. e5 Nh7 19. Qc2 Kh8 20. exd6 Rxe1+ 21. Rxe1
cxd6 22. Qb3 Ng5 23. Nxg5 Qxg5 24. Qxb4 Bxd4 25. Ne4 Qf4 26. Qxd6 Bxf2+ 0-1

[Event "31è Open International d'Avoine 2016"]
[Site "Avoine"]
[Date "2016.07.23"]
[Round "3.41"]
[White "Guillo, Nicolas"]
[Black "Rodriguez Rodriguez, Antonio"]
[Result "0-1"]
[WhiteElo "1913"]
[BlackElo "2141"]
[PlyCount "52"]
[EventDate "2016.??.??"]

1. c4 e5 2. Nc3 Nf6 3. g3 c6 4. Bg2 d5 5. cxd5 cxd5 6. Qb3 Nc6 7. Nxd5 Nd4 8.
Nxf6+ gxf6 9. Qd1 Qc7 10. Kf1 Nc2 11. Rb1 Be6 12. b3 Rc8 13. Bb2 Ba3 14. e3 O-O
15. Ne2 Bxb2 16. Rxb2 Rfd8 17. Be4 Bh3+ 18. Kg1 Na3 19. Bg2 Bf5 20. e4 Bg4 21.
f3 Qb6+ 22. Kf1 Be6 23. d3 Nc4 24. bxc4 Qxb2 25. Qc1 Qb6 26. Qc2 Qe3 0-1

[Event "31è Open International d'Avoine 2016"]
[Site "Avoine"]
[Date "2016.07.23"]
[Round "3.42"]
[White "Malassagne, Isabelle"]
[Black "Vekemans, Sylvain"]
[Result "1/2-1/2"]
[WhiteElo "2140"]
[BlackElo "1909"]
[PlyCount "71"]
[EventDate "2016.??.??"]

1. e4 c5 2. Nf3 Nc6 3. Bb5 Nd4 4. Nxd4 cxd4 5. c3 dxc3 6. Nxc3 e6 7. O-O a6 8.
Ba4 b5 9. Bb3 Bb7 10. Re1 Bd6 11. d4 Ne7 12. Bg5 O-O 13. Bc2 f6 14. Bh4 g5 15.
e5 gxh4 16. exd6 Ng6 17. d5 e5 18. Qh5 Kg7 19. Rad1 Qe8 20. f4 Rh8 21. fxe5
fxe5 22. Bxg6 hxg6 23. Qxe5+ Qxe5 24. Rxe5 Raf8 25. Re7+ Rf7 26. Rf1 Rhf8 27.
b4 Kg8 28. Rfe1 Kg7 29. a3 Kg8 30. h3 Kg7 31. R1e5 Kh6 32. Rxf7 Rxf7 33. Ne4
Rf5 34. Rxf5 gxf5 35. Nf6 Bc8 36. Kf2 1/2-1/2

[Event "31è Open International d'Avoine 2016"]
[Site "Avoine"]
[Date "2016.07.23"]
[Round "3.43"]
[White "Gattuso, Christophe"]
[Black "Daeschler, Florian"]
[Result "1/2-1/2"]
[WhiteElo "1904"]
[BlackElo "2099"]
[PlyCount "49"]
[EventDate "2016.??.??"]

1. e4 c5 2. c3 d5 3. exd5 Qxd5 4. d4 g6 5. Nf3 Bg7 6. dxc5 Qxc5 7. Na3 a6 8.
Be2 Nf6 9. Be3 Qc7 10. Nc4 Nbd7 11. Qd2 b5 12. Bf4 Qa7 13. Nce5 Nxe5 14. Bxe5
O-O 15. O-O Bf5 16. Rad1 Qb6 17. Qf4 Nh5 18. Qb4 Bxe5 19. Nxe5 Qe6 20. Bxh5
gxh5 21. Rfe1 Rad8 22. Qf4 Rxd1 23. Rxd1 Bg6 24. b3 Rc8 25. Qd4 1/2-1/2

[Event "31è Open International d'Avoine 2016"]
[Site "Avoine"]
[Date "2016.07.23"]
[Round "3.44"]
[White "Neau, Julien"]
[Black "Fruteau, Sabine"]
[Result "0-1"]
[WhiteElo "1901"]
[BlackElo "2094"]
[PlyCount "68"]
[EventDate "2016.??.??"]

1. d4 Nf6 2. c4 e6 3. Nc3 c5 4. d5 exd5 5. cxd5 d6 6. e4 g6 7. Nf3 Bg7 8. Be2
O-O 9. O-O Na6 10. Nd2 Nc7 11. a4 b6 12. Nc4 Re8 13. Bf3 Ba6 14. Qb3 Rb8 15.
Bf4 Bxc4 16. Qxc4 a6 17. Rfe1 b5 18. axb5 axb5 19. Qf1 Rb6 20. Ra7 Nd7 21. Rea1
Bd4 22. Rxc7 Qxc7 23. Nxb5 Qb8 24. Nxd6 Rxd6 25. Bxd6 Qxd6 26. Ra7 c4 27. Ra4
Nb6 28. Ra2 Qb4 29. Qd1 Qc5 30. Qc2 Nxd5 31. Ra6 Nb4 32. Qa4 Bxf2+ 33. Kf1 Nxa6
34. Qxe8+ Kg7 0-1

[Event "31è Open International d'Avoine 2016"]
[Site "Avoine"]
[Date "2016.07.23"]
[Round "3.45"]
[White "Harutyunyan, Safar"]
[Black "Nguyen, Vincent"]
[Result "0-1"]
[WhiteElo "1889"]
[BlackElo "2090"]
[PlyCount "40"]
[EventDate "2016.??.??"]

1. e4 c5 2. Nc3 Nc6 3. Bb5 Nd4 4. Bc4 e6 5. Nge2 a6 6. a4 g6 7. Nxd4 cxd4 8.
Ne2 Bg7 9. c3 Qc7 10. Qb3 Nf6 11. d3 d5 12. exd5 exd5 13. Bxd5 Nxd5 14. Qxd5
dxc3 15. d4 Be6 16. Qe4 O-O 17. O-O Rfe8 18. Bf4 Qd7 19. Qc2 Bf5 20. Qd1 cxb2
0-1

[Event "31è Open International d'Avoine 2016"]
[Site "Avoine"]
[Date "2016.07.23"]
[Round "3.46"]
[White "Varlet, Nicolas"]
[Black "Forget, Cyril"]
[Result "1/2-1/2"]
[WhiteElo "2088"]
[BlackElo "1886"]
[PlyCount "58"]
[EventDate "2016.??.??"]

1. d4 d5 2. c4 e6 3. Nc3 c5 4. cxd5 exd5 5. Nf3 Nc6 6. g3 Nf6 7. Bg2 Be7 8. O-O
O-O 9. Bg5 c4 10. Ne5 Be6 11. b3 h6 12. Bxf6 Bxf6 13. Nxc6 bxc6 14. Na4 Rb8 15.
e3 Qc8 16. Nc5 Be7 17. Nxe6 Qxe6 18. bxc4 dxc4 19. Qa4 Rb4 20. Qxa7 Rfb8 21.
Bxc6 Qxc6 22. Qxe7 c3 23. Rac1 c2 24. Qc5 Qxc5 25. dxc5 Rc4 26. Kg2 Rxc5 27.
Kf3 Rb2 28. Ke2 Rxa2 29. Kd3 Ra3+ 1/2-1/2

[Event "31è Open International d'Avoine 2016"]
[Site "Avoine"]
[Date "2016.07.23"]
[Round "3.47"]
[White "Grateau, Jean-Noel"]
[Black "Ben-Abed, Mehdi"]
[Result "0-1"]
[WhiteElo "1888"]
[BlackElo "2086"]
[PlyCount "98"]
[EventDate "2016.??.??"]

1. e4 c5 2. Nc3 e6 3. f4 Nc6 4. Nf3 d5 5. Bb5 Nf6 6. e5 Nd7 7. Bxc6 bxc6 8. d3
Qb6 9. Na4 Qa5+ 10. c3 Ba6 11. b3 Bb5 12. Qc2 Bxa4 13. bxa4 Nb6 14. Bd2 Qxa4
15. Qxa4 Nxa4 16. Ke2 Be7 17. Rhb1 O-O-O 18. Kd1 Kc7 19. Kc2 Nb6 20. Be1 c4 21.
d4 h6 22. h3 a5 23. Bh4 g5 24. fxg5 hxg5 25. Bf2 Na4 26. Be3 Rdg8 27. Nh2 Rb8
28. Bd2 Rb5 29. Rxb5 cxb5 30. Rf1 Rh7 31. Ng4 Nb6 32. Nf6 Bxf6 33. Rxf6 Rg7 34.
Rh6 Kd7 35. Rh5 g4 36. h4 Nc8 37. Rh8 Ne7 38. Bh6 Rg8 39. Rxg8 Nxg8 40. Bg7 Ke7
41. h5 f5 42. exf6+ Nxf6 43. h6 Kf7 44. Kb2 Kg6 45. a4 bxa4 46. Ka3 Ne4 47.
Kxa4 Nxc3+ 48. Kxa5 Nd1 49. Kb4 Ne3 0-1

[Event "31è Open International d'Avoine 2016"]
[Site "Avoine"]
[Date "2016.07.23"]
[Round "3.48"]
[White "Guerlach, Keigo"]
[Black "Sere, Philemon"]
[Result "1-0"]
[WhiteElo "2075"]
[BlackElo "1881"]
[PlyCount "53"]
[EventDate "2016.??.??"]

1. e4 c5 2. Nf3 Nc6 3. Bb5 e5 4. Bxc6 bxc6 5. O-O d6 6. h3 Be6 7. Re1 Be7 8. c3
f5 9. exf5 Bxf5 10. d4 e4 11. dxc5 d5 12. Nd4 Bd7 13. Qh5+ Kf8 14. f3 Nf6 15.
Qe5 Qb8 16. Qxb8+ Rxb8 17. b4 Kf7 18. Bf4 Rb7 19. Nd2 Nh5 20. Bh2 Bf6 21. a3
Bh4 22. Re2 Bg5 23. fxe4 Bxd2 24. Rxd2 dxe4 25. Rad1 Nf6 26. c4 Re8 27. b5 1-0

[Event "31è Open International d'Avoine 2016"]
[Site "Avoine"]
[Date "2016.07.23"]
[Round "3.49"]
[White "Pichouron, Eric"]
[Black "Burille, Matthieu"]
[Result "0-1"]
[WhiteElo "1855"]
[BlackElo "2069"]
[PlyCount "70"]
[EventDate "2016.??.??"]

1. d4 Nf6 2. Nf3 e6 3. Bf4 b6 4. e3 Bb7 5. h3 Be7 6. Bd3 c5 7. c3 d6 8. Qe2
cxd4 9. cxd4 O-O 10. O-O Re8 11. Nbd2 Nc6 12. Bb5 a6 13. Bxc6 Bxc6 14. Rfc1 Bb7
15. e4 Rc8 16. Bg5 h6 17. Bxf6 Bxf6 18. e5 Be7 19. Nf1 b5 20. Ng3 Qb6 21. Nh5
Bxf3 22. Qxf3 Qxd4 23. Re1 dxe5 24. Re4 Qxb2 25. Nxg7 Qxa1+ 26. Kh2 Kxg7 27.
Rg4+ Bg5 28. h4 Qc1 29. Qe4 f6 30. h5 Qc2 31. Qb7+ Rc7 32. Qxa6 Qxf2 33. Qxb5
Ree7 34. Qb8 f5 35. Rg3 Qf4 0-1

[Event "31è Open International d'Avoine 2016"]
[Site "Avoine"]
[Date "2016.07.23"]
[Round "3.50"]
[White "Rioland, Paul"]
[Black "Batteux, Mickael"]
[Result "1/2-1/2"]
[WhiteElo "1851"]
[BlackElo "2063"]
[PlyCount "55"]
[EventDate "2016.??.??"]

1. e4 c5 2. Nf3 Nc6 3. d4 cxd4 4. Nxd4 e5 5. Nb5 a6 6. Nd6+ Bxd6 7. Qxd6 Qf6 8.
Qd2 Nge7 9. Nc3 d6 10. Bc4 Qg6 11. O-O O-O 12. Qg5 b5 13. Bb3 Bb7 14. Rd1 Rfd8
15. Qxg6 hxg6 16. Bg5 Rd7 17. Rd2 Nd4 18. Bxe7 Rxe7 19. Nd5 Bxd5 20. Bxd5 Rd8
21. c3 Ne6 22. Rad1 Nc5 23. f3 Kf8 24. Bc6 Rc7 25. Bd5 Ke7 26. Kf2 Na4 27. Bb3
Nb6 28. Bd5 1/2-1/2

[Event "31è Open International d'Avoine 2016"]
[Site "Avoine"]
[Date "2016.07.23"]
[Round "4.1"]
[White "Bujisho, Benjamin"]
[Black "Fedorchuk, Sergey A"]
[Result "1-0"]
[WhiteElo "2354"]
[BlackElo "2624"]
[PlyCount "80"]
[EventDate "2016.??.??"]

1. c4 e5 2. Nc3 Nc6 3. g3 Bc5 4. Bg2 a6 5. e3 d6 6. Nge2 Ba7 7. Rb1 Nf6 8. b4
O-O 9. O-O Bf5 10. d3 Qd7 11. e4 Bg4 12. Kh1 Nd4 13. f3 Bh3 14. Nxd4 Bxd4 15.
Ne2 Ba7 16. Bg5 Bxg2+ 17. Kxg2 Ne8 18. Qd2 f5 19. Be3 Bxe3 20. Qxe3 Nf6 21. h3
b5 22. Rfc1 Rf7 23. Rb2 Raf8 24. Rbc2 Ne8 25. f4 h5 26. cxb5 axb5 27. fxe5 dxe5
28. exf5 Rxf5 29. Ng1 Nf6 30. Rc5 h4 31. g4 Nd5 32. Qe4 Rf2+ 33. Kh1 Nf4 34.
Rxc7 Qxd3 35. Qxd3 Nxd3 36. R1c2 e4 37. Rxf2 Rxf2 38. a3 Ra2 39. g5 Kh7 40. Rb7
Nf4 1-0

[Event "31è Open International d'Avoine 2016"]
[Site "Avoine"]
[Date "2016.07.23"]
[Round "4.2"]
[White "Maiorov, Nikita"]
[Black "Stephan, Victor"]
[Result "1-0"]
[WhiteElo "2541"]
[BlackElo "2353"]
[PlyCount "75"]
[EventDate "2016.??.??"]

1. d4 d5 2. c4 c5 3. cxd5 Qxd5 4. Nf3 cxd4 5. Nc3 Qa5 6. Nxd4 Nf6 7. Bd2 Qb6 8.
Nb3 e5 9. g3 Nc6 10. Bg2 Bb4 11. O-O O-O 12. Qc2 Be6 13. Bg5 Bxc3 14. Qxc3 Rac8
15. Qc5 Nd4 16. Qxe5 Bxb3 17. axb3 Rfe8 18. Qa5 Rxe2 19. Qxa7 Qxa7 20. Rxa7
Rxb2 21. Bxb7 Rb8 22. Bxf6 gxf6 23. Bd5 Nxb3 24. Rxf7 Nd4 25. Rxf6+ Kg7 26.
Rf7+ Kg6 27. Rd7 Ne2+ 28. Kg2 Nc3 29. Bf3 Rc2 30. Rd6+ Kg7 31. Ra1 Na2 32. Rd7+
Kf6 33. Bd5 Nc3 34. Ra6+ Kf5 35. Bc4 Ke5 36. Re6+ Kf5 37. Rf7+ Kg5 38. h4+ 1-0

[Event "31è Open International d'Avoine 2016"]
[Site "Avoine"]
[Date "2016.07.23"]
[Round "4.3"]
[White "Ravot, Sylvain"]
[Black "Inkiov, Ventzislav"]
[Result "0-1"]
[WhiteElo "2231"]
[BlackElo "2467"]
[PlyCount "118"]
[EventDate "2016.??.??"]

1. e4 c5 2. Nf3 Nc6 3. Bb5 d6 4. O-O Bd7 5. c3 a6 6. Bxc6 Bxc6 7. d4 cxd4 8.
cxd4 Bxe4 9. Nc3 Bf5 10. d5 g6 11. Nd4 Bc8 12. Ne4 Bg7 13. Re1 Nf6 14. Qa4+ Bd7
15. Qb3 O-O 16. Bg5 Ng4 17. Nf3 h6 18. Bd2 b5 19. Bc3 Rc8 20. Qd1 Qb6 21. Qd2
Rfe8 22. Bxg7 Kxg7 23. h3 Nf6 24. Nxf6 exf6 25. b4 Qb7 26. a3 Bf5 27. Nd4 Qxd5
28. Rxe8 Rxe8 29. Nxf5+ Qxf5 30. Qxd6 Re2 31. Rf1 Qe6 32. Qd3 Rb2 33. Qd4 Rb3
34. Ra1 Qe5 35. Qd1 Qb2 36. Kh2 h5 37. a4 Rxb4 38. axb5 axb5 39. Kg1 Rf4 40. f3
Rd4 41. Qb1 Rd2 42. Qxb2 Rxb2 43. h4 g5 44. Kh2 Kg6 45. Ra6 gxh4 46. Rb6 Rb1
47. Rb7 b4 48. Rb5 b3 49. g3 hxg3+ 50. Kxg3 h4+ 51. Kh3 f5 52. Rb4 Kg5 53. Kg2
b2 54. Kh2 h3 55. Rb8 Kf4 56. Rb3 f6 57. Rb4+ Kxf3 58. Rb3+ Ke4 59. Rb8 f4 0-1

[Event "31è Open International d'Avoine 2016"]
[Site "Avoine"]
[Date "2016.07.23"]
[Round "4.4"]
[White "Stets, Dmitry"]
[Black "Le Borgne, Pierre"]
[Result "1-0"]
[WhiteElo "2416"]
[BlackElo "2247"]
[PlyCount "65"]
[EventDate "2016.??.??"]

1. e4 g6 2. d4 Bg7 3. Nc3 c6 4. Nf3 d5 5. h3 Nh6 6. Bf4 f6 7. exd5 cxd5 8. Nb5
O-O 9. c4 Na6 10. Nc3 Be6 11. Qb3 dxc4 12. Bxc4 Bxc4 13. Qxc4+ Kh8 14. O-O Nf5
15. Rad1 Qa5 16. Rfe1 Rfe8 17. g4 g5 18. Bh2 Nh6 19. Re6 Rac8 20. Qe2 Ng8 21.
a3 Nc7 22. Bxc7 Qxc7 23. d5 Qd7 24. Nd4 Red8 25. Nf5 Bf8 26. Ne4 Rc6 27. Nxg5
fxg5 28. Qe5+ Nf6 29. d6 Rc5 30. Qe3 Rxf5 31. gxf5 Qa4 32. Rd4 Qb5 33. dxe7 1-0

[Event "31è Open International d'Avoine 2016"]
[Site "Avoine"]
[Date "2016.07.23"]
[Round "4.5"]
[White "Filip, Lucian"]
[Black "Boehm, Martin"]
[Result "1-0"]
[WhiteElo "2440"]
[BlackElo "2234"]
[PlyCount "91"]
[EventDate "2016.??.??"]

1. Nf3 d5 2. d4 Nf6 3. c4 g6 4. cxd5 Nxd5 5. e4 Nb6 6. h3 Bg7 7. Nc3 O-O 8. Be2
Nc6 9. d5 Na5 10. Be3 Nac4 11. Bd4 e5 12. Bc5 Nd6 13. O-O Nd7 14. Be3 a6 15.
Rc1 h6 16. Nd2 f5 17. f3 f4 18. Bf2 Bf6 19. Na4 Rf7 20. Nb3 Nf8 21. Nac5 Qe8
22. Nd3 g5 23. Bc5 Ng6 24. Nf2 h5 25. Bb4 Rh7 26. Nc5 Nf8 27. a4 b6 28. Ncd3 a5
29. Ba3 Bd7 30. b3 Bd8 31. Rc2 Ng6 32. Qa1 Ra7 33. Rfc1 Nf7 34. Nb2 g4 35. fxg4
f3 36. Bxf3 Ng5 37. Bd1 hxg4 38. Bxg4 Bxg4 39. hxg4 Nf4 40. Nbd3 Nxd3 41. Nxd3
Nxe4 42. Qxe5 Qxe5 43. Nxe5 Bg5 44. Re1 Nf6 45. Nc6 Ra8 46. Ne7+ 1-0

[Event "31è Open International d'Avoine 2016"]
[Site "Avoine"]
[Date "2016.07.23"]
[Round "4.6"]
[White "Gvanceladze, Anna"]
[Black "Colin, Vincent"]
[Result "1/2-1/2"]
[WhiteElo "2179"]
[BlackElo "2395"]
[PlyCount "48"]
[EventDate "2016.??.??"]

1. d4 g6 2. Nf3 Bg7 3. Bf4 d6 4. e3 Nd7 5. h3 e5 6. Bh2 Nh6 7. Be2 O-O 8. O-O
f5 9. c4 g5 10. dxe5 dxe5 11. Nc3 c6 12. Nd2 Qe7 13. Qc2 e4 14. Rfd1 Ne5 15.
Nb3 g4 16. hxg4 Nhxg4 17. Bxg4 fxg4 18. Nd4 Nxc4 19. Nxe4 Rf7 20. Nxc6 bxc6 21.
Qxc4 Be6 22. Qxc6 Rc8 23. Qd6 Bxb2 24. Rab1 Ba3 1/2-1/2

[Event "31è Open International d'Avoine 2016"]
[Site "Avoine"]
[Date "2016.07.23"]
[Round "4.7"]
[White "Godart, Francois"]
[Black "Bouget, Alexandre"]
[Result "1/2-1/2"]
[WhiteElo "2393"]
[BlackElo "2196"]
[PlyCount "133"]
[EventDate "2016.??.??"]

1. d4 d5 2. Nf3 Nc6 3. c4 Bg4 4. e3 e6 5. h3 Bxf3 6. Qxf3 Nf6 7. cxd5 Qxd5 8.
Qxd5 Bb4+ 9. Bd2 Bxd2+ 10. Nxd2 Nxd5 11. Bb5 Nde7 12. Rc1 O-O-O 13. Ke2 e5 14.
d5 Rxd5 15. Bc4 Rd6 16. Ne4 f5 17. Nxd6+ cxd6 18. Be6+ Kc7 19. Rhd1 Rd8 20. g4
g6 21. gxf5 gxf5 22. Bd5 Nxd5 23. Rxd5 Rg8 24. b4 Kd7 25. Rcd1 Rg6 26. a3 Kc7
27. Rc1 Kd7 28. Rd2 a6 29. Kf1 Ke6 30. Rb2 e4 31. b5 Ne5 32. bxa6 bxa6 33. Rb6
a5 34. Rb7 Rh6 35. Rcc7 Rxh3 36. Rxh7 Rxh7 37. Rxh7 Nc4 38. a4 Nb6 39. Ra7 Nxa4
40. Rxa5 Nb2 41. Ke2 Nc4 42. Ra8 Ne5 43. Rh8 Nf3 44. Re8+ Kf7 45. Rd8 Ke6 46.
Kd1 Ne5 47. Kd2 Ng4 48. Ke2 Ne5 49. Rg8 Nf3 50. Kd1 Ne5 51. Rg3 Nf3 52. Kc2 Ke5
53. Rg8 Nh2 54. Kd2 Ng4 55. Ke2 Nh2 56. Re8+ Kf6 57. f4 Nf3 58. Rh8 d5 59. Rf8+
Ke6 60. Rd8 Nh2 61. Re8+ Kf6 62. Rd8 Ke6 63. Kd1 Nf1 64. Ke2 Nh2 65. Ke1 Nf3+
66. Kd1 d4 67. exd4 1/2-1/2

[Event "31è Open International d'Avoine 2016"]
[Site "Avoine"]
[Date "2016.07.23"]
[Round "4.8"]
[White "Roussel, Glenn"]
[Black "Lerch, Patrice"]
[Result "0-1"]
[WhiteElo "2139"]
[BlackElo "2392"]
[PlyCount "98"]
[EventDate "2016.??.??"]

1. e4 c5 2. Nf3 Nc6 3. c3 d5 4. exd5 Qxd5 5. d4 Nf6 6. Be2 e6 7. O-O Be7 8. c4
Qd7 9. dxc5 Bxc5 10. Nc3 Qxd1 11. Rxd1 Bd7 12. a3 O-O 13. Bg5 Rfd8 14. Rd2 Be8
15. Rad1 Rxd2 16. Rxd2 Be7 17. Bf4 Kf8 18. h3 Rc8 19. Rd1 a6 20. Be3 h6 21. Nd2
Rd8 22. Nde4 Rxd1+ 23. Bxd1 Nxe4 24. Nxe4 Ne5 25. Be2 b5 26. cxb5 Bxb5 27. Bxb5
axb5 28. b4 Nc4 29. Bc1 Nd6 30. Nc5 Ke8 31. Kf1 Nc4 32. Nb3 Bf6 33. Ke2 Kd7 34.
Nd2 Nxd2 35. Bxd2 Kc6 36. Kd3 Kd5 37. f3 Bd4 38. Bc1 h5 39. g4 g6 40. Bd2 f5
41. gxh5 gxh5 42. f4 Bb2 43. Kc2 Bg7 44. Kd3 Bh6 45. Ke3 e5 46. Kf3 e4+ 47. Ke3
Bg7 48. Bc1 Bc3 49. Ke2 Kc4 0-1

[Event "31è Open International d'Avoine 2016"]
[Site "Avoine"]
[Date "2016.07.23"]
[Round "4.9"]
[White "Migot, Tangi"]
[Black "Najart, David"]
[Result "1-0"]
[WhiteElo "2381"]
[BlackElo "2159"]
[PlyCount "155"]
[EventDate "2016.??.??"]

1. e4 c5 2. Nf3 d6 3. d4 cxd4 4. Nxd4 Nf6 5. Nc3 a6 6. Be2 e5 7. Nb3 Be7 8. O-O
O-O 9. Bf3 Be6 10. a4 Nbd7 11. a5 Rc8 12. Be3 Qc7 13. Re1 Qc6 14. Nc1 Nc5 15.
Nd3 Nxd3 16. Qxd3 h6 17. Rec1 Qc4 18. Qd1 Qb4 19. Na4 Qb5 20. Nb6 Rc7 21. c4
Qc6 22. b4 Qe8 23. Nd5 Rc8 24. c5 Nxd5 25. exd5 Bd7 26. Qc2 Bb5 27. Bg4 Rc7 28.
c6 bxc6 29. Bb6 Rc8 30. Bxc8 Qxc8 31. dxc6 Qe6 32. c7 Rc8 33. Re1 f5 34. Rad1
d5 35. Qc3 Bd6 36. Qd2 Bc4 37. Rc1 Kh7 38. Qb2 e4 39. Red1 f4 40. Re1 f3 41. h3
fxg2 42. Re3 Qf5 43. Kxg2 Bf4 44. Qd4 Qg5+ 45. Kh1 Be5 46. Qd1 Qf4 47. Qg1 Bxc7
48. Bxc7 Rxc7 49. Qh2 g5 50. Kg1 Rf7 51. Qxf4 gxf4 52. Rxe4 Rg7+ 53. Kh1 dxe4
54. Rxc4 Re7 55. Kg1 e3 56. Kf1 e2+ 57. Ke1 f3 58. Rf4 Rb7 59. Rxf3 Rxb4 60.
Rf6 Rb3 61. Kxe2 Rxh3 62. f3 Rh2+ 63. Ke3 Ra2 64. Rxa6 Kg7 65. Kf4 h5 66. Kg5
Rf2 67. Ra7+ Kf8 68. a6 Rxf3 69. Rb7 Ra3 70. a7 Ra5+ 71. Kh4 Ra4+ 72. Kxh5 Ra5+
73. Kg4 Ra4+ 74. Kf3 Ra3+ 75. Ke2 Ra2+ 76. Kd3 Ra3+ 77. Kc2 Ra2+ 78. Kb1 1-0

[Event "31è Open International d'Avoine 2016"]
[Site "Avoine"]
[Date "2016.07.23"]
[Round "4.10"]
[White "Rubino, William"]
[Black "Haub, Thorsten Michael"]
[Result "1/2-1/2"]
[WhiteElo "2173"]
[BlackElo "2363"]
[PlyCount "49"]
[EventDate "2016.??.??"]

1. e4 g6 2. d4 Bg7 3. Nf3 d6 4. Bc4 a6 5. Qe2 Nc6 6. c3 e5 7. dxe5 dxe5 8. O-O
h6 9. a4 Qf6 10. Rd1 Nge7 11. Nbd2 g5 12. Nf1 Bg4 13. Rd3 Rd8 14. h3 Rxd3 15.
Qxd3 Bxf3 16. Qxf3 Qxf3 17. gxf3 Ng6 18. Be3 Nh4 19. Be2 Nd8 20. Ng3 Ne6 21.
Rd1 Nf4 22. Bxf4 gxf4 23. Nf5 Nxf5 24. exf5 Ke7 25. Bc4 1/2-1/2

[Event "31è Open International d'Avoine 2016"]
[Site "Avoine"]
[Date "2016.07.23"]
[Round "4.11"]
[White "Burri, Quentin"]
[Black "Maloberti, David"]
[Result "1-0"]
[WhiteElo "2294"]
[BlackElo "2029"]
[PlyCount "49"]
[EventDate "2016.??.??"]

1. e4 e6 2. d4 d5 3. Nd2 Nc6 4. Ngf3 Nf6 5. e5 Nd7 6. Bd3 f6 7. Ng5 Ndxe5 8.
dxe5 fxg5 9. Qh5+ Kd7 10. Nf3 Be7 11. O-O g6 12. Qg4 h5 13. Qa4 Qe8 14. c4 Kd8
15. cxd5 exd5 16. Bb5 Bd7 17. e6 Bxe6 18. Bxg5 a6 19. Bxc6 Qxc6 20. Bxe7+ Kxe7
21. Qh4+ Kf8 22. Qf6+ Kg8 23. Qxg6+ Kf8 24. Qf6+ Kg8 25. Nd4 1-0